Abjad, Abugida, or Alphabet? - Statistics

General Stats
  • This quiz has been taken 48 times
  • The average score is 9 of 10
Answer Stats
Question Answer % Correct
Greek Alphabet
100%
Cyrillic Alphabet
100%
Perso-Arabic Abjad
93%
Thai Abugida
93%
Hebrew Abjad
86%
Devanagari Abugida
86%
Telugu Abugida
86%
Bengali Abugida
79%
Armenian Alphabet
79%
Hangul Alphabet
64%
No matching quizzes found
Score Distribution
Percent of People with Each Score
Percentile by Number Answered
Your Score History
You have not taken this quiz